| 000 | 01151nam0a2200313 i 4500 | ||
|---|---|---|---|
| 001 | RU\NLR\BIBL_A\011217054 | ||
| 005 | 20260406020934.0 | ||
| 010 |
_a9785906861870 _91500 |
||
| 021 |
_aRU _b2016-68263 _94391 |
||
| 035 | _a(NLR Aleph) 011217054 | ||
| 090 |
_a12002975 _c12002975 |
||
| 100 | _a20160922d2016 u y0rusy50 ca | ||
| 101 | 1 |
_arus _cger |
|
| 102 | _aRU | ||
| 105 | _aa z 000yy | ||
| 200 | 1 |
_aСекреты женщин Ренессанса _fЭдуард Фукс _g[пер. с нем. В.М. Фриче] |
|
| 210 |
_aМосква _cАлгоритм _d2016 |
||
| 215 |
_a446, [1] с. _cил., портр. _d21 |
||
| 225 | 1 | _aКак жили женщины разных эпох | |
| 333 | _a16+ | ||
| 606 | 1 |
_aЖенщины _xИстория _zСредние века _92099076 _3RU\NLR\AUTH\661269731 |
|
| 606 | 1 |
_aБыт и нравы _xИстория _zСредние века _92203080 _3RU\NLR\AUTH\661323777 |
|
| 686 | 1 | _aТ3(0)4-297 | |
| 686 | 1 | _aТ3(0)0-75 | |
| 700 | 1 |
_8rus _7ca _aФукс _bЭ. _f1870-1940 _gЭдуард _3RU\NLR\AUTH\77122428 _9105353 |
|
| 942 | _cBOOK | ||
| 980 | _aNBR | ||